• 首页
  • 本馆介绍
  • 公告通知
  • 最新文献
  • 馆藏检索
  • 电子资源
  • 读者导购
  • 参考咨询
  • 我的图书馆
  • 登录
  • 详细信息显示
  • 放入我的书架
  • 预约/预借图书
  • 作者相关作品
  • 分类相关作品
  • 丛书相关作品
  • 出版社相关作品

书目信息

  • 表格格式
  • 工作单格式
  • 卡片格式
题名:
伟大领袖毛主席永远活在我们心中
    
 
作者: ;《中国摄影》编辑部 编
分册:  
出版信息: 北京   人民美术出版社  1977
页数: 70幅
开本: 33cm
丛书名:
单 册:
中图分类: A756
科图分类:
主题词: 毛泽东--照片
电子资源:
ISBN:
000 00697nam0 2200217 45
001 0176000316
005 20081022085725.62
010    @dCNY1.45
100    @a19950725d1977 em y0chiy0121 ea
101 0  @achi
102    @aCN@b110000
105    @aa z 000yy
200 10 @a伟大领袖毛主席永远活在我们心中@Awei da ling xiu mao zhu xi yong yuan huo zai wo men xin zhong@f《中国摄影》编辑部编@F《zhong guo she ying》bian ji bu bian
210    @a北京@c人民美术出版社@d1977
215    @a70幅@c照片@d33cm
606    @a毛泽东@x照片
690    @aA756@v3
711 02 @a《中国摄影》编辑部@A《zhong guo she ying》bian ji bu@4编
801  2 @aCN@bNLC@c20081022
801  0 @aCN@bTSSF
905    @aZUCC@dA756@e197
    
    伟大领袖毛主席永远活在我们心中/《中国摄影》编辑部编.-北京:人民美术出版社,1977
    70幅:照片;33cm
    
    
    ISBN :CNY1.45
    
●
相关链接 在E读中查询图书 在五车中查询图书 在当当中查询图书 在豆瓣中查询图书


正题名:伟大领袖毛主席永远活在我们心中     索取号:A756/197         预约/预借

序号 登录号 条形码 馆藏地/架位号 状态 备注
1 0277025   001693215   第一样本阅览室/ [索取号:A756/197] 在馆    
唐山师范学院图书馆 欢迎您!
大连网信软件有限公司© 版权所有